000 00374 a2200157 4500
001 148853
040 _cEscola São Tomás de Aquino
100 _aRIBEIRO, Jonas
240 1 0 _aUma ilha a mil milhas daqui
_lpor
245 1 0 _aUma ilha a mil milhas daqui
300 _a29
362 0 _a2014
440 1 _aEditora do Brasil
697 _a*LITERATURA INFANTO
942 _cBK
999 _c148853
_d148853